00799nam a2200217Ii 45000010005000000030009000050080041000140400033000550410008000880820016000961100059001122450078001712640036002493000012002853360026002973370028003233380027003519400050003789990017004289520136004458731CO-ViMGA241108s9999||||xx |||||||||||||| ||und|| aCO-ViMGAbspaerdacCO-ViMGA0 aspa04a352.008 E741 aEscuela Superior de Administración Pública,95284410aDemocracia local, reforma política y descentralización administrativa 1aBogotá, Colombia : ESAP, 1990 avolumen atextbtxt2rdacontent aunmediatedbn2rdamedia avolumebnc2rdacarrier aidficha_siabuc: 8534. -- ficha_no_siabuc:8731 c47970d47970 001040708001aMEVIGERRbMEVIGERRcGENd2006-11-27o352.008 E74pECA9093r2024-11-26 09:37:46tEj.1w2024-11-26yBKz8534 | 11971